header

Seven secrets for negotiating with government (Record no. 8538)

MARC details
000 -LEADER
fixed length control field 01966nam a22003254a 4500
001 - CONTROL NUMBER
control field ebr10271772
003 - CONTROL NUMBER IDENTIFIER
control field CaPaEBR
006 - FIXED-LENGTH DATA ELEMENTS--ADDITIONAL MATERIAL CHARACTERISTICS--GENERAL INFORMATION
fixed length control field m u
007 - PHYSICAL DESCRIPTION FIXED FIELD--GENERAL INFORMATION
fixed length control field cr cn|||||||||
008 - FIXED-LENGTH DATA ELEMENTS--GENERAL INFORMATION
fixed length control field 070604s2008 nyu sb 001 0 eng
010 ## - LIBRARY OF CONGRESS CONTROL NUMBER
Canceled/invalid LC control number 2007022411
020 ## - INTERNATIONAL STANDARD BOOK NUMBER
Cancelled/invalid ISBN 0814409083
Cancelled/invalid ISBN 9780814409084
040 ## - CATALOGING SOURCE
Original cataloging agency CaPaEBR
Transcribing agency CaPaEBR
035 ## - SYSTEM CONTROL NUMBER
System control number (OCoLC)213813872
050 14 - LIBRARY OF CONGRESS CALL NUMBER
Classification number HD58.6
Item number .S257 2008eb
082 04 - DEWEY DECIMAL CLASSIFICATION NUMBER
Classification number 658.4/052
Edition number 22
100 1# - MAIN ENTRY--PERSONAL NAME
Personal name Salacuse, Jeswald W.
245 10 - TITLE STATEMENT
Title Seven secrets for negotiating with government
Medium [electronic resource] :
Remainder of title how to deal with local, state, national, or foreign governments--and come out ahead /
Statement of responsibility, etc Jeswald W. Salacuse.
260 ## - PUBLICATION, DISTRIBUTION, ETC. (IMPRINT)
Place of publication, distribution, etc New York :
Name of publisher, distributor, etc AMACOM/American Management Association,
Date of publication, distribution, etc c2008.
300 ## - PHYSICAL DESCRIPTION
Extent xi, 210 p.
504 ## - BIBLIOGRAPHY, ETC. NOTE
Bibliography, etc Includes bibliographical references (p. 199-204) and index.
505 0# - FORMATTED CONTENTS NOTE
Formatted contents note The many ways of negotiating with governments -- Governments feel different: how negotiating with governments differs from negotiating with anybody else -- Getting ready to negotiate with a government -- The myth of the monolith: how government organization affects negotiations -- The political imperative: the special nature of government interests and how they affect negotiations -- Power tools for influencing government decisions -- Getting a little help from your friends: using third parties in government negotiations -- The deal is never done: renegotiating government agreements -- On the manner of negotiating with governments: some final advice.
533 ## - REPRODUCTION NOTE
Type of reproduction Electronic reproduction.
Place of reproduction Palo Alto, Calif. :
Agency responsible for reproduction ebrary,
Date of reproduction 2013.
Note about reproduction Available via World Wide Web.
-- Access may be limited to ebrary affiliated libraries.
650 #0 - SUBJECT ADDED ENTRY--TOPICAL TERM
Topical term or geographic name as entry element Negotiation in business.
Topical term or geographic name as entry element Business and politics.
655 #7 - INDEX TERM--GENRE/FORM
Genre/form data or focus term Electronic books.
Source of term local
710 2# - ADDED ENTRY--CORPORATE NAME
Corporate name or jurisdiction name as entry element ebrary, Inc.
856 40 - ELECTRONIC LOCATION AND ACCESS
Uniform Resource Identifier <a href="http://site.ebrary.com/lib/rucke/Doc?id=10271772">http://site.ebrary.com/lib/rucke/Doc?id=10271772</a>
Public note An electronic book accessible through the World Wide Web; click to view

No items available.

© 2026 Rongo University
Contact us: librarian | system librarian | Rongo university